Catálogo
 En Linea

Perfiles sociodemográficos provinciales, Región Norte. / (Registro nro. 29755)

Detalles MARC
000 -CABECERA
campo de control de longitud fija 01071nam a2200241 a 4500
001 - NÚMERO DE CONTROL
campo de control 000030263
003 - IDENTIFICADOR DEL NÚMERO DE CONTROL
campo de control DO-SdBNP
005 - FECHA Y HORA DE LA ÚLTIMA TRANSACCIÓN
campo de control 20220628101114.0
008 - DATOS DE LONGITUD FIJA--INFORMACIÓN GENERAL
campo de control de longitud fija 110505s2010 dr abc r 000 0 spa d
040 ## - FUENTE DE LA CATALOGACIÓN
Centro catalogador/agencia de origen DO-SdBNP
Lengua de catalogación spa
Centro/agencia transcriptor BNPHU
082 #4 - NÚMERO DE LA CLASIFICACIÓN DECIMAL DEWEY
Número de clasificación 22
Número de documento/Ítem P438so
245 10 - MENCIÓN DE TÍTULO
Título Perfiles sociodemográficos provinciales, Región Norte. /
Mención de responsabilidad, etc. Presentación, Pablo Tactuk.
260 ## - PUBLICACIÓN, DISTRIBUCIÓN, ETC.
Lugar de publicación, distribución, etc. Santo Domingo :
Nombre del editor, distribuidor, etc. Oficina Nacional de Estadística (ONE),
Fecha de publicación, distribución, etc. 2010
300 ## - DESCRIPCIÓN FÍSICA
Extensión 236 p. :
Otras características físicas il., map., retrs. ;
Dimensiones 28 cm.
500 ## - NOTA GENERAL
Nota general Incluye bibliografía y notas al pié de páginas.
505 #0 - NOTA DE CONTENIDO CON FORMATO
Nota de contenido con formato Presntación.
Título Dajabón.--
-- Duarte.--
-- Espailltat.--
-- Hermanas Mirabal.--
-- La Vega.--
-- María Trinidad Sánchez.--
-- Monseñor Nouel.--
-- Monte Cristi.--
-- Puerto Plata.--
-- Samaná.--
-- Sánchez Ramírez.--
-- Santiago.--
-- Santiago Rodríguez.--
-- Valverde.
590 ## - NOTA LOCAL (RLIN)
Nota local Inventariado 2022 / MF
651 ## - PUNTO DE ACCESO ADICIONAL DE MATERIA--NOMBRE GEOGRÁFICO
Fuente del encabezamiento o término República Dominicana
Subdivisión de forma Estadísticas
9 (RLIN) 81924
651 ## - PUNTO DE ACCESO ADICIONAL DE MATERIA--NOMBRE GEOGRÁFICO
Nombre geográfico República Dominicana
Subdivisión de forma Desarrollo Social
9 (RLIN) 81922
700 1# - PUNTO DE ACCESO ADICIONAL--NOMBRE DE PERSONA
Nombre de persona Tactuk, Pablo
Término indicativo de función/relación pres.
9 (RLIN) 5774
910 ## - DATOS DE OPCIÓN DEL USUARIO (OCLC)
Datos de opción del usuario MFeliz
942 ## - ELEMENTOS DE PUNTO DE ACCESO ADICIONAL (KOHA)
Fuente del sistema de clasificación o colocación Dewey Decimal Classification
Tipo de ítem Koha Libro
Existencias
Estado de retiro Estado de pérdida Fuente del sistema de clasificación o colocación Restricciones de uso No para préstamo Código de colección Localización permanente Ubicación/localización actual Ubicación en estantería Fecha de adquisición Fuente de adquisición Signatura topográfica completa Código de barras Fecha visto por última vez Número de copia Precio válido a partir de Tipo de ítem Koha
    Dewey Decimal Classification Préstamo en sala   Dominicana de Servicio Biblioteca Nacional Pedro Henríquez Ureña Biblioteca Nacional Pedro Henríquez Ureña En catalogación 05.04.2013 Donado por Dom. - Am. P438s 2022-3223 25.06.2020 e. 3 25.06.2020 Libro
    Dewey Decimal Classification Excluido de préstamo   Patrimonio Dominicano Biblioteca Nacional Pedro Henríquez Ureña Biblioteca Nacional Pedro Henríquez Ureña En catalogación 18.02.2011 Depósito legal P438s 2022-3220 25.06.2020   25.06.2020 Libro
    Dewey Decimal Classification Excluido de préstamo   Patrimonio Dominicano Biblioteca Nacional Pedro Henríquez Ureña Biblioteca Nacional Pedro Henríquez Ureña En catalogación 05.04.2013 Depósito legal / ONE P438s 2022-3222 25.06.2020 e. 2 25.06.2020 Libro
    Dewey Decimal Classification Préstamo en sala   Dominicana de Servicio Biblioteca Nacional Pedro Henríquez Ureña Biblioteca Nacional Pedro Henríquez Ureña En catalogación 28.09.2015 Donado por Anónimo 22 P438so 2022-3224 28.06.2022 e.4 28.06.2022 Libro

Con tecnología Koha